000 01140nam2a22002531 4500
001 RU\NLR\KADK\56380
005 20251214191717.0
035 _a(NLR Aleph) 009866107
090 _a13488174
_c13488174
100 _a20010911d1791 u y0rusy50 ca
101 0 _afre
200 0 _aT. 1
210 _aSt. Pétersbourg [St.- Peterburg]
_cDe l'Imprimerie du dit Corps
_d1791
215 _a[2], 293 с.
317 _aЭкз. с наклейкой Музея 1-го Кадет. корп. и штампом Лен. Воен. б-ки
_5Рэ ШК / S-948 O1
461 1 _1001RU\NLR\KADK\56378
_12000#$aSuite des Amusemens philologiques$eÀ l'usage du Corps impérial des cadets gentilshommes$vT. 1
_910403095
_cSt. Pétersbourg [St.- Peterburg]
_d1791-1792
_nDe l'Imprimerie du dit Corps
_oÀ l'usage du Corps impérial des cadets gentilshommes
_tSuite des Amusemens philologiques
_vT. 1
620 _dSt.- Peterburg
712 0 2 _aCorps des cadets
_c1; Pétersbourg
_bImprimerie
_4160
801 0 _aRU
_bNLR
_c20010911
852 _aNLR
_bБ-ка 1-го Кадет. Корп.
_jРэ ШК / S-948 O1
942 _cBOOK
980 _aKADK
980 _aNB